00872nam a2200193 a 450000100100000000500170001000800410002704000250006808200160009310000360010924501240014526000750026930000180034450000730036250400270043559000260046295201730048899900170066100003078520200930062517.0110530s1953 dr r 000 0 spa d aDO-SdBNPbspacBNPHU axxxxbS211d1 aSánchez, Juan Francisco9733210a"De rerum natura", el poema filosófico de Lucrecio :b(estudio crítico y filósofico) /cJuan Francisco Sánchez. aCiudad Trujillo, República Dominicana, :bEditora del Caribe,c1953. a83 p.a19 cm. aIncluye referencias bibliográficas y notas al pie de las páginas aBibliografía : p. 83 aInventariado, 2018/BT 001050718RVaPDbPDcHDd2011-05-30iLF1l0oxxxx S211dp30785-10r2020-06-25w2020-06-25y1zPerteneció a la biblioteca personal de Martínez Boog.ZNo se presta c30277d30277